Wireless communications: principles and practice (Record no. 199037)

MARC details
000 -LEADER
fixed length control field 00454nam a2200169Ia 4500
005 - DATE AND TIME OF LATEST TRANSACTION
control field 20250411102416.0
008 - FIXED-LENGTH DATA ELEMENTS--GENERAL INFORMATION
fixed length control field 231217s9999 xx 000 0 und d
020 ## - INTERNATIONAL STANDARD BOOK NUMBER
International Standard Book Number 9788131731864
082 ## - DEWEY DECIMAL CLASSIFICATION NUMBER
Classification number 621.3811 RAP;35
100 ## - MAIN ENTRY--PERSONAL NAME
Personal name Rappaport, Theodore S.
245 #0 - TITLE STATEMENT
Title Wireless communications: principles and practice
250 ## - EDITION STATEMENT
Edition statement 2nd ed.
260 ## - PUBLICATION, DISTRIBUTION, ETC. (IMPRINT)
Date of publication, distribution, etc. 2010
Name of publisher, distributor, etc. Pearson
Place of publication, distribution, etc. Noida
300 ## - PHYSICAL DESCRIPTION
Extent xxiii, 709
650 ## - SUBJECT ADDED ENTRY--TOPICAL TERM
Topical term or geographic name as entry element Wireless,communications:
942 ## - ADDED ENTRY ELEMENTS (KOHA)
Koha item type Books
Holdings
Date last seen Total Checkouts Full call number Accession number Price effective from Category Lost status Damaged status Department Withdrawn status Permanent Location Current Location Shelving location Entry date Grants Currency symbol Conversion rate Discount Discount type
26/01/2024   621.3811 RAP;35 92681 26/01/2024 Books     CS   Central Library Central Library CS 29/05/2019 DONATED RS 1   Rupees

© For any Suggestions or Query, please contact the library staff @ librarian@pes.edu or Phone: +9180 2672 1983/ 2108.